[Event "Pula-ch"]
[Site "Pula"]
[Date "2015.02.02"]
[Round "6"]
[White "Licardo, Renato"]
[Black "Rosembeker, Djuro"]
[Result "1-0"]
[WhiteElo "2152"]
[BlackElo "1896"]
[PlyCount "126"]
[EventDate "2015.01.15"]
[EventType "swiss"]
[EventRounds "9"]
[EventCountry "CRO"]
[SourceTitle "EXT 2016"]
[Source "ChessBase"]
[SourceDate "2015.10.08"]
[SourceVersion "1"]
[SourceVersionDate "2015.10.08"]
[SourceQuality "1"]

1. e4 g6 2. d4 Bg7 3. Nc3 d6 4. Be3 Nf6 5. f3 c6 6. Qd2 Nbd7 7. 0-0-0 b5 8. e5 b4 9. Nb1 Nd5 10. Bh6 0-0 11. h4 dxe5 12. h5 exd4 13. Bxg7 Kxg7 14. hxg6 hxg6 15. Qh6+ Kf6 16. Nd2 e5 17. f4 Nxf4 18. Bc4 Ke7 19. Ngf3 Ne6 20. Rde1 Kd6 21. Bxe6 fxe6 22. Qxg6 Qe8 23. Qg3 Qf7 24. Nxe5 Qf4 25. Qg7 Nxe5 26. Rxe5 Rf7 27. Qh8 Bb7 28. Qh5 Rf5 29. Rxf5 Qxf5 30. Qh4 c5 31. Rf1 Qd5 32. Rf7 Re8 33. Qf4+ e5 34. Qh6+ Re6 35. Qf8+ Kc6 36. Qb8 Kb6 37. Nb3 Rh6 38. Qc7+ Kb5 39. Qa5+ Kc6 40. Qc7+ Kb5 41. Qxb7+ Qxb7 42. Rxb7+ Kc6 43. Rxa7 Rh2 44. Rg7 c4 45. Na5+ Kb5 46. Nb7 c3 47. bxc3 bxc3 48. Kd1 Kc4 49. Ke2 e4 50. Rg4 Kd5 51. Rg5+ Kc4 52. Nd6+ Kb4 53. Nxe4 Ka3 54. Kd3 Kb2 55. a4 Rh1 56. Kxd4 Rd1+ 57. Kc4 Kxc2 58. Rg3 Ra1 59. Rxc3+ Kb2 60. Kb4 Re1 61. Rc4 Rg1 62. g3 Rg2 63. a5 Rg1 1-0